000 00297nam a22001217a 4500
008 171016b xxu||||| |||| 00| 0 eng d
041 _aeng
080 _a331.101.262
100 _a52
101 _abnj
245 _aINTRODUCTION TO ORGANIZATIONAL BEHAVIOR
_cSTEERS, R.M
942 _2udc
_cBK
999 _c34246
_d34246